| 000 | 02145nam0a2200373 4500 | ||
|---|---|---|---|
| 001 | RU\NLR\bibl\1511104 | ||
| 005 | 20250616023546.0 | ||
| 010 |
_a978-5-7807-0765-3 _9100 |
||
| 021 |
_aRU _b2010-24937 _91675 |
||
| 035 | _a(nilc)RSL-KNO-004625951 | ||
| 035 | _a(NLR Aleph) 001502501 | ||
| 090 |
_a1798525 _c1798525 |
||
| 100 | _a20100407d2009 |||y0rusy50 ca | ||
| 101 | 0 | _arus | |
| 102 | _aRU | ||
| 105 | _ay ||||||||| | ||
| 200 | 1 |
_aЭволюция жанра рассказа и новеллы в дагестанской литературе _fЛ.О. Юсуфова _gМ-во образования и науки Рос. Федерации, Федер. агентство по образованию, ГОУ ВПО "Иван. гос. ун-т" |
|
| 210 |
_aИваново _cИвановский государственный университет _d2009 |
||
| 215 |
_a173, [1] с. _d21 |
||
| 320 | _aБиблиогр.: с. 170-174 (101 назв.) | ||
| 606 | 1 |
_aРассказ народов Дагестана _92597291 _3RU\NLR\auth\661534550 |
|
| 606 | 1 |
_aНовелла народов Дагестана _92597294 _3RU\NLR\auth\661534552 |
|
| 610 | 0 | _aФилологические науки. Художественная литература -- Российская Федерация -- Литература народов Кавказа -- Литература народов Северного Кавказа и Дагестана -- Литература народов Дагестана -- с 1917 г. -- История литературы. Идейно-художественные особенности литературы -- История жанров -- Художественная проза -- Романы. Повести. Рассказы | |
| 686 |
_aШ5(241Д)7-334.4,0 _2rubbk |
||
| 686 | _aШ5(241Д)-334 | ||
| 700 | 1 |
_aЮсуфова _bЛ. О. _f1947- _gЛуара Омаровна _4070 |
|
| 801 | 0 |
_aRU _bРГБ _c20100407 _grcr |
|
| 801 | 1 |
_aRU _bРГБ _c20100407 |
|
| 801 | 2 |
_aRU _bNLR _c20100514 _grcr |
|
| 830 | _aавт. по кн. | ||
| 942 | _cBOOK | ||
| 980 | _aNB | ||
| 980 | _aNBR | ||